Stanovenie kinetických parametrov modelu pyrolýzy so sekundárnym rozkladom kvapalnej fázy diplomová práca

Salvato in:
Dettagli Bibliografici
Autore principale: Béreš, Matúš
Natura: Libro
Lingua:slovacco
Pubblicazione: Bratislava STU FCHPT 2019
Accesso online:Visualizza in OPAC
Tags: Aggiungi Tag
Nessun Tag, puoi essere il primo ad aggiungerne!!

MARC

LEADER 00000nam a2200000 a 4500
005 20260127134201.0
008 190619 2019 xo a 001 0 slo d
035 |a vtls011871802 
039 9 |y 201906190909  |z mschk03 
040 |a STUSCHK1  |b slo  |c STUSCHK1  |e AACR2 
100 1 |a Béreš, Matúš 
245 1 |a Stanovenie kinetických parametrov modelu pyrolýzy so sekundárnym rozkladom kvapalnej fázy  |b diplomová práca  |c Matúš Béreš 
260 |a Bratislava  |b STU FCHPT  |c 2019 
300 |a 78 s.  |b Obr., tab.  |c 25 cm 
500 |a Študijný program: chemické inžinierstvo 
500 |a Študijný odbor: chemické inžinierstvo 
500 |a Školiace pracovisko: Oddelenie chemického a biochemického inžinierstva 
500 |a Evid. číslo: FCHPT-5433-61011 
910 |a SCHK95 
999 |c 6092  |d 6092